000 00949nac a22002171u 4500
020 _a9774249984
082 _a327.7301767
_bP6591
090 _c2609
_d2609
100 _apintak, Lawrence
245 _aAmerica, Islam, and the war of ideas :
_bReflections in a bloodshot lens /
_cLawrence Pintak
260 _aCairo :
_bThe American University in Cairo Press ,2006
_c2006
300 _axviii,374 p. ;
_c23 cm.
504 _aIncludes bibliograsphical references:p.315-361 and index
650 _aIslamic in mass media
650 _aIslamic countries
_xIn mass media.
651 _aUnited States
_xn mass media.
651 _aUnited States
_xForeign relations
_zIslamic countries
651 _aIslamic countries
_xForeign relations
_zUnited States.
942 _cBB
_k327.7301767P6591
999 _c2609
_d2609